| Поле | Название | Значение |
| |
Тип записи |
a |
| |
Библиографический уровень |
s |
| 001 |
Контрольный номер |
DONNUET/MAIN/c0d0bf7fb6d44340bd279d611d96fe38 |
| 005 |
Дата корректировки |
20260424121854.2 |
| 010 |
Индекс ISBN |
__ |
| d |
Цена |
265.00 |
| 101 |
Язык документа |
0_ |
| a |
Язык текста |
rus |
| 102 |
Страна публикации |
__ |
| a |
Страна публикации |
RU |
| 181 |
Поле кодированных данных: вид содержания |
_0 |
| a |
Код вида содержания (ISBD) |
i |
| 182 |
Поле кодированных данных: тип средства |
_0 |
| a |
Код типа средства (ISBD) |
n |
| 200 |
Заглавие и сведения об ответственности |
1_ |
| a |
Заглавие |
Пространство науки |
| h |
Номер части |
Т.2, №2 |
| 203 |
Вид содержания и тип средства |
__ |
| a |
Вид содержания |
Текст |
| c |
Тип средства |
непосредственный |
| 207 |
Область специфических сведений: нумерация сериальных изданий |
_1 |
| a |
Нумерация: даты и обозначения томов |
Т.2, №2 2025 |
| 210 |
Выходные данные |
1_ |
| a |
Место издания |
Москва |
| d |
Дата издания |
2025 |
| 801 |
Источник записи |
_1 |
| a |
Страна |
RU |
| b |
Организация |
DONNUET |
| g |
Правила каталогизации |
PSBO |
| c |
Дата составления |
24.04.2026 |
| 852 |
Данные о местонахождении |
__ |
| a |
Наименование организации |
Научная библиотека ДОННУЭТ |
| 901 |
Тип документа |
__ |
| t |
Тип документа |
s |
| 905 |
Дата создания БЗ |
__ |
| b |
Логин сотрудника, создавшего запись |
Tsvetkova |
| a |
Дата создания БЗ |
24.04.2026 |
| 952 |
Тип литературы |
__ |
| a |
Тип литературы для КСУ ВШ |
ЖУР |
| c |
Вид литературы |
научные документы |